Las fronteras del conocimiento económico (Registro nro. 10712)
[ vista simple ]
| 000 -ENCABEZADO | |
|---|---|
| Número de control [NR] | 01155nam a2200277Ia 4500 |
| 008 - DE LONGITUD FIJA DE DATOS DE ELEMENTOS - INFORMACIÓN GENERAL | |
| Elementos de longitud fija [NR] | 130821s1960 sp a gr spa |
| 040 ## - FUENTE DE CATALOGACION [NR] | |
| Agencia de catalogación original [NR] | Co-BoUCM |
| Idioma de catalogación [NR] | spa |
| 041 ## - CODIGO DE IDIOMA [R] | |
| Código de idioma para texto/pista de sonido o título separado [R] | Español |
| 100 1# - ASIENTO PRINCIPAL--NOMBRE PERSONAL [NR] | |
| Nombre personal [NR] | Burns, Arthur F. |
| Forma más completa del nombre [NR] | (Arthur Frank) |
| Fechas asociadas con el nombre [NR] | 1904-1987 |
| ID Autoridad | 113759 |
| 245 14 - MENCION DE TITULO [NR] | |
| Título [NR] | Las fronteras del conocimiento económico |
| Mención de responsabilidad, etc. [NR] | Arthur Burns ; traducción del inglés por José María Álvarez Cruz |
| 260 ## - PUBLICACION, DISTRIBUCION, ETC. (PIE DE IMPRENTA) [R] | |
| Lugar de publicación, distribución, etc. [R] | Madrid (España) |
| Nombre del editor, distribuidor, etc. [R] | Aguilar |
| Fecha de publicación, distribución, etc. [R] | 1960 |
| 300 ## - DESCRIPCION FISICA [R] | |
| Extensión [R] | xvi, 382 páginas |
| Otros detalles físicos [NR] | ilustraciones |
| 490 #0 - MENCION DE SERIE [R] | |
| Mención de serie [R] | Biblioteca de Ciencias Sociales. |
| -- | Sección Primera: Economía |
| 500 ## - NOTA GENERAL [R] | |
| Nota general [NR] | El ejemplar No. 1 disponible en 48 horas a partir de la solicitud. |
| 500 ## - NOTA GENERAL [R] | |
| Nota general [NR] | El ejemplar No. 2 es Donación Dr. Álvaro Daza Roa. |
| 500 ## - NOTA GENERAL [R] | |
| Nota general [NR] | Incluye índice. |
| 650 04 - ASIENTO SECUNDARIO DE MATERIA - TERMINO TEMATICO [R] | |
| Término temático o nombre geográfico como elemento de entrada [NR] | Ciclos económicos |
| 9 (RLIN) | 10763 |
| 650 04 - ASIENTO SECUNDARIO DE MATERIA - TERMINO TEMATICO [R] | |
| Término temático o nombre geográfico como elemento de entrada [NR] | Desarrollo económico |
| 9 (RLIN) | 438 |
| 650 04 - ASIENTO SECUNDARIO DE MATERIA - TERMINO TEMATICO [R] | |
| Término temático o nombre geográfico como elemento de entrada [NR] | Economía keynesiana |
| 9 (RLIN) | 13699 |
| 650 04 - ASIENTO SECUNDARIO DE MATERIA - TERMINO TEMATICO [R] | |
| Término temático o nombre geográfico como elemento de entrada [NR] | Teoría económica |
| 9 (RLIN) | 25318 |
| 651 #4 - ASIENTO SECUNDARIO DE MATERIA - NOMBRE GEOGRAFICO [R] | |
| Nombre geográfico [NR] | Estados Unidos |
| Subdivisión general [R] | Política económica |
| 9 (RLIN) | 65373 |
| 700 1# - ASIENTO SECUNDARIO - NOMBRE PERSONAL [R] | |
| Nombre personal [NR] | Álvarez Cruz, José María |
| Término de relación [R] | |
| 9 (RLIN) | 113760 |
| 765 0# - ASIENTO DE IDIOMA ORIGINAL [R] | |
| Título [NR] | The frontiers of economic knowledge |
| 942 ## - ELEMENTOS DE ENTRADA AGREGADOS (KOHA) | |
| Tipo de ítem principal el descrito en 300a | Libro |
| Tema principal | Economía |
| Edición | 1 |
| Parte restante de la signatura top. | B967f |
| Sistema de clasificación | DEWEY |
| Clasificación | 338.54 |
| Fecha de último préstamo | Signatura topográfica | Código de barras | Última vez visto | Ejemplar | Price effective from | Tipo de ítem | Perdido | Sistema de clasificación | Dañado | No prestable | Tipo de ítem específico | Suprimido | Ubicación habitual | Ubicación actual | Localización | Fecha de creación | Forma de adquisición | Costo | Total préstamos |
|---|---|---|---|---|---|---|---|---|---|---|---|---|---|---|---|---|---|---|---|
| 29/11/2011 | FAD 338.54 B967f | 100115292 | 09/05/2018 | Ej.2 | 03/02/2013 | Libro | DEWEY | Fondos especiales | Archivo Histórico | Archivo histórico | 28/02/2011 | Donación | 26000.00 | ||||||
| 338.54 B87 | 100001370 | 06/06/2012 | Ej.1 | 03/02/2013 | Libro | DEWEY | Fondos especiales | Bodega | Bodega | Préstamo 4 días después de solicitado | 28/02/2003 | Donación | 80.00 |